La infanta mendocina /

Guardado en:
Autor Principal: Capdevila, Arturo
Formato: Libro
Publicado: Buenos Aires : Atlántida, 1962
Edición:11
Series:Bibl. Billiken/azul, 31
Materias:
Etiquetas: Agregar Etiqueta
Sin Etiquetas, Sea el primero en etiquetar este registro!
LEADER 00495nam a22001815a 4500
001 CEM.cems001407
005 20060214000000.0
008 130507s1962##################000#0#####d
003 CEMS
082 0 4 |a 923 
100 1 |a Capdevila, Arturo 
245 1 0 |a La infanta mendocina /  |c Arturo Capdevila 
250 |a 11 
260 |a Buenos Aires :  |b Atlántida,  |c 1962 
300 |a 180 
490 0 |a Bibl. Billiken/azul, 31 
653 |a Biografias 
859 |a CEMS  |b BIB. CEMS - 11 de abril  |h 923  |i In3a11c  |p 10372.81  |t Ej.1